Biochemistry : The chemical reactions of living cells

Uloženo v:
Podrobná bibliografie
Hlavní autor: Metzler, David E.
Médium: Kniha
Jazyk:Undetermined
Vydáno: New York Elsevier 2003
Témata:
Tagy: Přidat tag
Žádné tagy, Buďte první, kdo otaguje tento záznam!
Thư viện lưu trữ: Trung tâm Học liệu Trường Đại học Cần Thơ
LEADER 00542nam a2200205Ia 4500
001 CTU_103716
008 210402s9999 xx 000 0 und d
020 |c 112.50 
082 |a 572 
082 |b M596 
100 |a Metzler, David E. 
245 0 |a Biochemistry : 
245 4 |b The chemical reactions of living cells 
245 0 |c David E. Metzler 
260 |a New York 
260 |b Elsevier 
260 |c 2003 
650 |a Biochemistry,Cytochemistry 
904 |i Tuyến 
980 |a Trung tâm Học liệu Trường Đại học Cần Thơ